00939cam a2200241 a 450000100060000000300080000600500170001400800390003102000150007003500190008504000230010404100080012708200220013510000490015724501430020626000590034930000330040850400660044150501270050765000170063465000240065170000220067529204BD-RjUL20211209051402.0140402q19631962nyua b 001 0 eng a0826105440 a(BD-RjUL)29289 aDLCcDLCdDLCbeng aeng a137bTOA V-1 19631 aTomkins, Silvan S.q(Silvan Solomon),d1911-10aAffect imagery consciousness /cby Silvan S. Tomkins ; with the editorial assistance of Bertram P. Karon.nVolume I pThe positive Affects aNew York :bSpringer Pub. Co.,cc1962 [reprinted 1963] axi, 522 p. :bill. ;c23 cm. aIncludes bibliographical references (p. 373-405) and indexes.0 av. 1. The positive affects -- v. 2. The negative affects -- v. 3. The negative affects: anger and fear -- v. 4. Cognition. 0aPersonality. 0aAffect (Psychology)1 aKaron, Bertram P.